Disability in south asia: (Record no. 159426)

MARC details
000 -LEADER
fixed length control field 00664nam a22001817a 4500
005 - DATE AND TIME OF LATEST TRANSACTION
control field 20181217150127.0
010 ## - LCCN (DPL NO)
LC control number ENG-124557
020 ## - INTERNATIONAL STANDARD BOOK NUMBER
Terms of availability 1295.00
International Standard Book Number 9789352807079
035 ## - SYSTEM CONTROL NUMBER
System control number EN-108089
037 ## - SOURCE OF ACQUISITION
Source of stock number/acquisition DBAD/PUB.
082 ## - DEWEY DECIMAL CLASSIFICATION NUMBER
Classification number 305.9080954
245 ## - TITLE STATEMENT
Title Disability in south asia:
Statement of responsibility, etc ed. by Anita Ghai
Remainder of title knowledge and experience /
260 ## - PUBLICATION, DISTRIBUTION, ETC. (IMPRINT)
Place of publication, distribution, etc New Delhi
Name of publisher, distributor, etc Sage Publications India Pvt. Ltd.
Date of publication, distribution, etc 2018
270 ## - ADDRESS
Address B1/I-1, Mohan Cooperative Industrial Area Mathura Road Post Bag 7
City New Delhi
Postal code 110044
300 ## - PHYSICAL DESCRIPTION
Extent xliii,443p.
Dimensions 22cm.(Hb)
500 ## - GENERAL NOTE
General note It includes about the editor and contributors and index
942 ## - ADDED ENTRY ELEMENTS (KOHA)
Source of classification or shelving scheme Dewey Decimal Classification
Item type English Books
Call number suffix DIS
Classification part 305.9080954
Holdings
Withdrawn status Lost status Not for loan Collection code Home library Current library Date acquired Source of acquisition Cost, normal purchase price Full call number Barcode Copy number Cost, replacement price Koha item type
    Not For Loan Non-fiction D.B.Act.Division Bawana 17/12/2018 DBAD/PUB 1295.00 305.9080954 DIS EN-108089 1 1295.00 English Books

© Delhi Public Library
Hit Counter
free hit counter